| 000 | 01193cam a22003617a 4500 | ||
|---|---|---|---|
| 003 | CHAP | ||
| 005 | 20220817043836.0 | ||
| 008 | 020603d1994 mx r 00110 spa d | ||
| 010 | _a85834 | ||
| 011 | _a86806 | ||
| 020 | _a9706280421 | ||
| 035 | _a97346 | ||
| 040 | _cCHAP | ||
| 082 | 0 | 0 |
_a155.3 _bC6 |
| 110 | 0 | 0 |
_aMéxico. Consejo Nacional de Población _976888 |
| 245 | 1 | 0 |
_aGénero sexualidad familia medio ambiente y desarrollo en la educación para adultos _c/por Consejo Nacional de Población |
| 260 |
_aMéxico, D.F. _bConsejo Nacional de Población, _c1994. |
||
| 300 | _a112 p. | ||
| 590 |
_aBATCH-UPD _b10 _c20130110 _lUCH01 _h0959 |
||
| 590 |
_aBATCH-UPD _b10 _c20130410 _lUCH01 _h0611 |
||
| 590 |
_aBATCH-UPD _b10 _c20130914 _lUCH01 _h1157 |
||
| 590 |
_aCONVERSION _b10 _c20130109 _lUCH01 _h1348 |
||
| 650 | 1 | 4 | _aDesarrollo social. |
| 650 | 1 | 4 |
_aEducación de adultos. _935562 |
| 650 | 1 | 4 |
_aEnfoque de género. _936945 |
| 650 | 1 | 4 |
_aFamilia. _939405 |
| 650 | 1 | 4 |
_aMedio ambiente. _974065 |
| 650 | 1 | 4 |
_aSexualidad humana. _9105427 |
| 901 | _aBK | ||
| 905 | _aMayto Villalobos S. | ||
| 942 | _cLIBRO | ||
| 949 |
_a155.3 C6 _bBC _cLIBRO _d33724000851143 _eLIBRO _h152594 _i97346 _si |
||
| 999 |
_c85834 _d85834 |
||